000
00317nam a22001337a 4500
008
170926b xxu||||| |||| 00| 0 eng d
020
_a
9780312178932
041
_a
eng
080
_2
5TH
_a
37
100
_a
46
101
_a
EDU
245
_a
WAYS OF READING AN ANTHOLOGY FOR WRITERS
_c
BARTHOLOMAE,D
942
_2
udc
_c
BK
999
_c
30009
_d
30009